Curso básico de computación

محفوظ في:
التفاصيل البيبلوغرافية
المؤلف الرئيسي: Barone, Luis Roberto
التنسيق: كتاب
اللغة:الإسبانية
منشور في: Cultural Librera Americana. 1996.
الموضوعات:
الوسوم: إضافة وسم
لا توجد وسوم, كن أول من يضع وسما على هذه التسجيلة!

MARC

LEADER 00000nam a22000005a 4500
001 10084
003 CL-ChBUA
005 20120815103229.0
008 070301s1996 ag 000 0 spa
020 |a 9507711899 
040 |a CL-ChBUA  |c CL-ChBUA 
082 0 0 |a 001.642 
090 |c 10084  |d 10084 
100 1 |a Barone, Luis Roberto. 
245 1 0 |a Curso básico de computación 
260 |b Cultural Librera Americana.  |c 1996. 
300 |a 125 p.: il.  |b 125 p.: il.  |c 27 cm. 
504 |a Indice. 
650 4 |a COMPUTACION. 
942 |c LIB 
952 |0 0  |1 0  |4 0  |7 0  |9 14768  |a UNACH  |b UNACH  |c 000  |d 2007-03-05  |i 32.288.  |l 0  |o 001.642 4 / C 977.  |p 15767  |r 2022-01-04 00:00:00  |u 14768  |w 2012-08-08  |y LIB  |k 001.642 4 / C 977. 
999 |c 10084  |d 10084